|
|
|
|
| LEADER |
00614cam a2200193ua 4500 |
| 020 |
|
|
|c $ 4.50
|
| 041 |
|
|
|a eng
|
| 082 |
|
|
|a 004
|b LIP/TH
|
| 100 |
|
|
|a Lipschutz, Martin M.
|
| 245 |
|
|
|a Theory and problems of data processing /
|c Martin M Lipschutz.
|h Textual Documents
|
| 260 |
|
|
|a Singapore :
|b McGraw Hill Book Company ,
|c 1982.
|
| 300 |
|
|
|a 218 ; .
|
| 365 |
|
|
|a $ 4.50
|
| 504 |
|
|
|
| 541 |
|
|
|e 16863
|h $ 4.50
|
| 700 |
1 |
|
|a Lipschutz, Seymour.
|
| 942 |
|
|
|c BK
|
| 999 |
|
|
|c 37999
|d 37999
|
| 952 |
|
|
|0 0
|1 0
|4 0
|6 004_000000000000000
|7 0
|9 49981
|a KAUAET
|b KAUAET
|d 2012-04-07
|m 0
|o 004
|p KAU_KCAET-16863
|r 2012-04-07
|w 2012-04-07
|y BK
|